00482nam a2200157Ia 4500001000500000005001700005008004100022041000800063082001700071100003200088245015100120260000900271300002800280650000800308654000800316761720260306160508.0260306t2008||||xx |||||||||||||| ||spa|| aESP a352.283bF84 aZas Friz Burga, JhonnyeAUT 0aLa continuidad crítica:bbalance del diseño normativo e institucional del actual proceso peruano de descentralización política (2002-2008) c2008 a439 páginas :c20 cm. aGEN aCAN